Special pathological anatomy

Podrobná bibliografia
Hlavní autori: Levkut, Mikuláš, 1951- (Autor), Kolodzieyski, Lev (Autor), Ševčíková, Zuzana, 1963- (Autor)
Médium: Kniha
Jazyk:angličtina
Vydavateľské údaje: Prešov M&M 1998
Predmet:

MARC

LEADER 00000nam a2200000 a 4500
001 vtls001352831
003 SK-MaSNL
005 20260301200850.0
008 240226s1998 xo a r y eng
015 |a SNBA1999/04-01387 
020 |a 8096772775 
035 |a SNK000306223 
035 |a urn:nbn:sk:snk-amkirc 
035 |a urn:nbn:sk:snk-am008hfx 
035 |a 56013CB4-9962-4469-AACF-7EBA36C105EC 
040 |a SNK  |b slo  |c SNK  |e AACR2 
041 0 |a eng 
044 |a xo  |c SK 
080 |a 619:616.1/.9:636(075.8)=20  |2 1981 
080 |a 616.1/.9(075.8)=20  |2 1981 
080 |a 636(075.8)=20  |2 1981 
100 1 |a Levkut, Mikuláš,  |d 1951-  |4 aut  |9 197341 
245 1 0 |a Special pathological anatomy  |c M. Levkut, L. Kolodzieyski, Z. Ševčíková 
260 |a Prešov  |b M&M  |c 1998 
300 |a 126 s.  |c 24 cm 
500 |a Vyd. pre Univerzitu veterinárneho lekárstva v Košiciach 
500 |a 200 výt. 
504 |a Bibliogr. s. 125 
650 0 7 |a veterinárna medicína  |2 SNKPH  |9 1148 
650 0 7 |a hospodárske zvieratá  |2 SNKPH  |9 1097 
650 0 7 |a patologická anatómia  |2 SNKPH  |9 69202 
655 7 |a učebnice vysokých škôl  |2 SNKPH  |9 70191 
700 1 |a Kolodzieyski, Lev  |4 aut  |9 39510 
700 1 |a Ševčíková, Zuzana,  |d 1963-  |4 aut  |9 196031 
710 0 |a Univerzita veterinárskeho lekárstva v Košiciach  |4 pbl  |9 30750 
919 |a 80-967727-7-5 
958 |a TL 
958 |a NB 
958 |a UV 
999 |c 892421  |d 894351 
952 |t P60, <03>, [BOOK], {603}  |a SNK  |b SNK  |y PREZ  |7 0  |p 17A0177391  |o snkSC 97654  |i snkKSP 502/99  |0 0  |1 0  |4 0  |d 1999-01-20  |f 1  |l 0  |r 2025-09-17 00:00:00  |w 2026-02-24 
952 |t P60, <04>, [BOOK], {604}  |a SNK  |b SNK  |y VYP  |7 0  |p 17A0177392  |o snkSC 97654 D1  |i snkKSP 503/99  |0 0  |1 0  |4 0  |d 1999-01-20  |l 0  |r 2005-01-02 00:00:00  |w 2026-02-24